|
|
|
|
| LEADER |
00000nab a2200000 4500 |
| 001 |
vtls012157501 |
| 003 |
SK-MaSNL |
| 005 |
20260304180003.0 |
| 008 |
221220|2016 xo |||| ||an ||00 0|slo |
| 015 |
|
|
|a SNBRB2022/12
|
| 040 |
|
|
|a SPKCL
|b slo
|e rda
|
| 041 |
|
|
|a slo
|b slo
|
| 044 |
|
|
|a xo
|c SK
|
| 072 |
|
7 |
|a 616
|x Patológia. Klinická medicína
|2 konspekt
|
| 080 |
|
|
|a 616-006.04-052-055.1
|2 2011
|
| 100 |
1 |
|
|a Sýkora, Juraj,
|d 1958-
|4 aut
|9 10357
|
| 245 |
1 |
0 |
|a Zásady bezpečného zaobchádzania a prípravy cytotoxických liekov
|c Juraj Sýkora
|
| 300 |
|
|
|b Fotografie
|
| 336 |
|
|
|a text
|b txt
|2 rdacontent
|
| 337 |
|
|
|a bez média
|b n
|2 rdamedia
|
| 338 |
|
|
|a zväzok
|b nc
|2 rdacarrier
|
| 504 |
|
|
|a Obsahuje bibliografiu
|
| 546 |
|
|
|a Slovenské resumé
|
| 650 |
0 |
7 |
|a onkologickí pacienti
|2 SNKPH
|9 78306
|
| 650 |
0 |
7 |
|a ošetrovateľská starostlivosť
|2 SNKPH
|9 63308
|
| 650 |
0 |
7 |
|a lieky
|2 SNKPH
|9 2515
|
| 773 |
0 |
|
|t Sestra
|g Roč. XV, č. 1-2 (2016)
|x 1335-9444
|
| 773 |
0 |
8 |
|t Odborná príloha Ošetrovateľská starostlivosť v onkológii
|g Roč. XV (2016), s. 20-22
|
| 958 |
|
|
|a NB
|
| 999 |
|
|
|c 3015968
|d 3017898
|